| 000 | 00818nam a2200217 a 4500 | ||
|---|---|---|---|
| 001 | 000002647 | ||
| 005 | 20240530073930.0 | ||
| 008 | 090703s2009 dr c 000 e spa d | ||
| 020 | _a9789945868807 | ||
| 040 |
_aDO-SdBNP _bspa _cBNPHU |
||
| 082 |
_aRD864.44 _bD542e |
||
| 100 | 1 |
_aDíaz, Arsenio _98335 |
|
| 245 | 1 | 3 |
_aEl espíritu de la palabra / _cArsenio Díaz. |
| 260 |
_aSanto Domingo : _bEdiciones renovación : _bSociedad cultural renovación, _c2009. |
||
| 300 |
_a187 p. : _bretr. ; _c22 cm. |
||
| 504 | _aIncluye referencias bibliográficas y notas al pie de las páginas | ||
| 586 | _aConcurso Literario "Por nuestro país primero" : Premio de ensayos "Rufino Martínez" 2008 | ||
| 650 | 0 |
_aEnsayos dominicanos _965 |
|
| 650 | 0 |
_aLiteratura dominicana. _967 |
|
| 910 | _aValidado. Control de calidaD MMOLINA | ||
| 999 |
_c2483 _d2483 |
||